00434 a2200121 4500100003200000245005000032300004100082650002200123773005500145942000700200952008800207999001700295 aOCLOO, Della Russel 926464 aTema motorway bridge closes for repair works  aThursday, September 7, 2023 Pages 48 aTransport 9138060 x0855-1529tDaily GraphicdAccra Daily Graphic 2023 cPR 001040718PRaPLbPLcTFWWd2023-09-14l0r2023-09-14 00:00:00t1w2023-09-14yPR c45949d45949